Nuda sa už končí

Privatizácia v teplárenstve, ktorá by sa mala skončiť najneskôr do konca budúceho roku, zrejme prinesie zmeny v rozložení síl v slovenskom teplárenskom biznise. Záujem prejavujú najväčší energetickí hráči v strednej a východnej Európe, chýbať nebudú ani domáci. Obavy verejnosti zo zvyšovania cien.

Na minha lista:
Detalhes bibliográficos
Autor principal: Sobinkovič, Branislav
Formato: Capítulo de Livro
Idioma:eslovaco
Assuntos:
Tags: Adicionar Tag
Sem tags, seja o primeiro a adicionar uma tag!

MARC

LEADER 00000naa a2200000 4500
001 0141679
005 20231113073315.7
041 0 |a slo 
044 |a SK 
245 1 0 |a Nuda sa už končí  |c Branislav Sobinkovič 
520 |a Privatizácia v teplárenstve, ktorá by sa mala skončiť najneskôr do konca budúceho roku, zrejme prinesie zmeny v rozložení síl v slovenskom teplárenskom biznise. Záujem prejavujú najväčší energetickí hráči v strednej a východnej Európe, chýbať nebudú ani domáci. Obavy verejnosti zo zvyšovania cien. 
610 2 0 |a teplárenstvo 
610 2 0 |a privatizácia 
610 2 0 |a Slovensko 
100 1 |a Sobinkovič, Branislav